000 00775nam a2200253 i 4500
001 130267
003 ES-MaACL
005 20230906193704.0
007 t|
008 070724s1979 sp ||||1| spa d
020 _a84-320-0616-5
100 1 _aZafón Bayo, Juan.
_9117828
245 1 3 _aEl Consejo Revolucionario de Aragón /
_cJuan Zafón Bayo ; presentación de Víctor Alba.
250 _a1ª ed.
260 _aBarcelona :
_bPlaneta,
_c1979.
300 _a185 p. :
_bil. ;
_c18 cm.
490 1 _aTextos ;
_v46
610 2 4 _aConsejo Revolucionario de Aragón.
_9171716
650 _aColectivismo-
_zAragón-
_y1936-1939.
_911137
700 1 _aAlba, Víctor.
_919198
830 1 _aTextos ;
_v46
_9179017
852 _aES-MaACL
_jA-9884
999 _c130267
_d130267